| 000 | 00412nam a22001577a 4500 | ||
|---|---|---|---|
| 003 | BD-DhUL | ||
| 005 | 20170713122729.0 | ||
| 008 | 170713b1948 xxu||||| |||| 00| 0 eng d | ||
| 040 | _cBD-DhUL | ||
| 082 |
_a920 _bWOR |
||
| 245 |
_aWorld biography : _bL-Z / |
||
| 260 |
_aNew York : _bInstitute for Research in Biography, _c1948 |
||
| 300 |
_a(2629-5117) p. : _c23 cm. |
||
| 650 | _aBiography | ||
| 942 |
_2ddc _cREF |
||
| 999 |
_c211135 _d211135 |
||